| 000 | 00000nas 2200000zi 4500 |
| 001 | 9.882921 |
| 003 | CaOODSP |
| 005 | 20241203113653 |
| 006 | m o d f |
| 007 | cr ||||||||||| |
| 008 | 191213d19741987onc x m o f0###a0eng|d |
| 040 | |aCaOODSP|beng|erda|cCaOODSP |
| 043 | |an-cn--- |
| 086 | 1 |aEn73-1E-PDF |
| 130 | 0 |aLand use in Canada series. |
| 245 | 10|aLand use in Canada series / |cLands Directorate, Environment Canada. |
| 246 | 12|aLand use programs in Canada |
| 264 | 1|aOttawa : |bLands Directorate, Environment Canada, |c1974-[1987?] |
| 310 | |aIrregular |
| 336 | |atext|btxt|2rdacontent |
| 337 | |acomputer|bc|2rdamedia |
| 338 | |aonline resource|bcr|2rdacarrier |
| 362 | 1 |aBegan with: [no. 1]; ceased with no. 28? |
| 500 | |aDigitized edition from print [produced by Environment and Climate Change Canada]. |
| 500 | |a[No. 1-10] issued without series title but were incorporated into the series in 1978. |
| 500 | |aIssued also in French under title: Série de l'utilisation des terres au Canada. |
| 546 | |aText in English; some issues with text in English and French. |
| 650 | 0|aLand use|zCanada. |
| 650 | 0|aLand use|zCanada|xPlanning. |
| 710 | 1 |aCanada. |bEnvironment Canada. |
| 710 | 1 |aCanada. |bLands Directorate. |
| 775 | 08|tSérie de l’utilisation des terres au Canada / |w(CaOODSP)9.882932 |